=LDR 00000nam 2200000 4500 =001 INLIS000000000008234 =005 20200526100616 =035 ##$$a 0010-061300000008234 =008 200526################g##########0#ind## =041 ##$$a Ind =082 ##$$a 2x4 =090 ##$$a 2x4, Doi s =100 ##$$a DOI, Abdur Rahman I =245 1#$$a Syari'ah kodifikasi hukum Islam, /$c Prof. Abrurrahman I Doi, P.Hd.; Penerjemah, Drs. H. Basri Iba Asghary, H. Wadi Mastuti, S.Eary =260 ##$$a Jakarta :$b Rineka Cipta,$c 1993 =300 ##$$a xiv, 175 hlm. ; $c 21 x 15 cm. =650 #4$$a Fiqih ( Hukum Islam ) =700 #$$a Asghary, H. Basri Iba =020 ##$$a 979-518-277-3 =084 ##$$a 2x4 DOI s =250 ##$$a cet. 1 =990 ##$$a 66.636/Pro.94